000 00619nam a22002177a 4500
003 OSt
005 20251027024216.0
008 251027b |||||||| |||| 00| 0 eng d
020 _a0-256-16986-1.
040 _aDWCL-Main lib
_cOC
082 _aCirc. 658.15 R826e 1996
100 _aStephen A. Ross
245 _aEssentials of corporate finance
260 _aChicago :
_bIrwin,
_cc1996.
300 _axxx, 528 pages :
_billustration ;
_c26 cm.
504 _aIncludes index.
650 _21. Corporations-Finance
700 _aWesterfield, Randolph
700 _aBradford D. Jordan
942 _2ddc
_cBK-CIRC
_kCirc.
_n0
999 _c5136
_d5136